01440nam a2200241Ia 4500001000600000003000900006008004100015040001300056040001300069041001300082100001900095100002900114245007800143245006300221250001100284260000900295260002000304260004900324300005800373500069500431650004101126650003101167G1976IT-RoPAU130308s9999 xx 000 0 und d aIT-RoPAU cIT-RoPAU aITALIANO aPeters Bettina gCodice Aut. SPICS: 54018 aDiritti e responsabilità dei professionisti dei media: diritto ed etica b"Media & Democrazia: I Media ""Cani da guardia Pubblici""" a1a ed. aROMA bSapere 2000 Srl c1999 [1° Ed.:1999 - Ed.Ling.Originale:1998] a"24 p. (prefazione: no ; testo: 24 [pagine: 91-114])" aAccesso All'Informazione: Diritto a Sapere. protezione delle Fonti: una Chiave Principale del Giornalismo Professionistico. indipendenza Editoriale Eclausola di Riserva Morale. Diritto Alla Privacy: protezione contro Il Gossip o protezione contro Il Giornalismo Investigativo. leggi Sulla Diffamazione: proteggere L'Onore Personale o Zittire la Stampa? Etica dei Giornalisti: Valore e Limiti dell'Autoregolamentazione. Ordini dei Giornalisti. Problema della Rappresentazione: minoranze e Donne. codici Etici: ideali Irrealizzabili o Orientamenti Operativi? Modelli Operativi e Addestramento All'Etica. Responsabilità e Credibilità. Giornalismo impegnato contro Giornalismo Responsabile. aPOLITICA DELLA COMUNICAZIONE SOCIALE eCodice materia Spics: 3803